| 000 | 00357nam a2200121Ia 4500 | ||
|---|---|---|---|
| 008 | 240731s9999 xx 000 0 und d | ||
| 022 | _a1943-2186 | ||
| 245 | 0 | _aStudies in the History of Gardens & Designed Landscapes : An International Quarterly | |
| 260 | _bRoutledge | ||
| 856 | _uhttps://www.tandfonline.com/loi/tgah20 | ||
| 942 | _2ddc | ||
| 942 | _cTFEJ | ||
| 999 |
_c79606 _d79606 |
||
| 945 |
_a1 _bMadushi Gamage _c1 _dMadushi Gamage |
||